Nízkonákladový marketing

Kríza a jej vplyv na rozvoj marketingových aktivít. Kríza ako príležitosť pre marketing. Nové druhy marketingu. Internetový marketing. Nízko nákladový marketing a jeho podstata. Výhody využitia sociálnych sietí v marketingu.

Salvato in:
Dettagli Bibliografici
Autore principale: Dzurová, Mária
Altri autori: Korčoková, Marína, 1970-
Natura: Capitolo di libro
Lingua:slovacco
Soggetti:
Tags: Aggiungi Tag
Nessun Tag, puoi essere il primo ad aggiungerne!!

MARC

LEADER 00000naa$a2200000$$$4500
001 0165328
005 20240502072900.9
041 0 |a slo 
044 |a SK 
245 1 0 |a Nízkonákladový marketing  |c Mária Dzurová, Marína Korčoková 
520 |a Kríza a jej vplyv na rozvoj marketingových aktivít. Kríza ako príležitosť pre marketing. Nové druhy marketingu. Internetový marketing. Nízko nákladový marketing a jeho podstata. Výhody využitia sociálnych sietí v marketingu. 
610 2 0 |a kríza hospodárska 
610 2 0 |a marketing 
610 2 0 |a náklady 
610 2 0 |a stratégia marketingová 
610 2 0 |a internet 
610 2 0 |a siete sociálne 
100 1 |a Dzurová, Mária 
700 1 |a Korčoková, Marína, 1970-